<?xml version="1.0" encoding="UTF-8"?>
<marc:record xmlns:marc="http://www.loc.gov/MARC21/slim">
   <marc:leader>00000nam a2200000 a 4500</marc:leader>
   <marc:datafield ind1="1" ind2=" " tag="100">
      <marc:subfield code="a">Gifford, Clive</marc:subfield>
      <marc:subfield code="4">aut</marc:subfield>
      <marc:subfield code="e">Verfasser/-in</marc:subfield>
   </marc:datafield>
   <marc:datafield ind1="0" ind2="0" tag="245">
      <marc:subfield code="a">Medien &amp; Kommunikation</marc:subfield>
   </marc:datafield>
   <marc:datafield ind1="0" ind2="0" tag="245">
      <marc:subfield code="b">von der Hieroglyphen bis zu den Technologien der Zukunft</marc:subfield>
   </marc:datafield>
   <marc:datafield ind1=" " ind2="1" tag="264">
      <marc:subfield code="b">Gerstenberg</marc:subfield>
      <marc:subfield code="c">2000</marc:subfield>
   </marc:datafield>
   <marc:datafield ind1="1" ind2=" " tag="490">
      <marc:subfield code="a">Sehen, Staunen, Wissen</marc:subfield>
   </marc:datafield>
   <marc:datafield ind1="1" ind2=" " tag="520">
      <marc:subfield code="a">Ein neuer Band der "Sehen-Staunen-Wissen"-Reihe. (JT) Nach bekannt-bewährter Manier ist der neueste Band der Reihe "Sehen-Staunen-Wissen" ein Sachbuch für Kinder, das Einsichten in die Dimensionen und Bereiche von "Medien und Kommunikation" vermittelt. Trotz der Fülle an Abbildungen, Fotos, Zeichnungen, behält der Autor den roten Faden in der Hand, gibt pfiffige Beispiele zu Verständigungsarten, der Aussagekraft von Bildern, der Macht und Eingleisigkeit der Presse und schafft in kurzen, leicht verständlich geschriebenen Absätzen eine Wissensgrundlage für den Prozess der Kommunikationsgeschichte mit allen bedeutungsvollen Medien von den Hieroglyphen bis hin zu in die Zukunft weisenden Technologien. Am Ende des Buches im kontemporären, schnelllebigen Informationszeitalter angekommen, haben Kinder eine Reihe spannender kultureller und technischer Veränderungen von Kommunikationswegen sowie Geschichte und Einsätze verschiedener menschlicher Verständigung dienender Erfindungen kennengelernt. Sträflicherweise mit Ausnahme von Gutenbergs bahnbrechender Innovation des Buchdrucks. - Kinderabteilungen aller Bibliotheken zu empfehlen. *bn* Helen Obermayr</marc:subfield>
   </marc:datafield>
   <marc:datafield ind1="3" ind2=" " tag="024">
      <marc:subfield code="a">9783806745054</marc:subfield>
   </marc:datafield>
</marc:record>
